Statistics for Famous Foursomes

Click here to take the quiz!

General Stats

  • This quiz has been taken 1,865 times
  • The average score is 11 of 19

Answer Stats

HintAnswer% Correct
Wizard of OzDorothy, Scarecrow, {Tin Man}, Cowardly Lion
91%
Inner Planets{Mercury}, Venus, Earth, Mars
88%
The BeatlesJohn, Paul, {George}, and Ringo
87%
Ancient ElementsEarth, {Air}, Fire, and Water
82%
The GospelsMatthew, {Mark}, Luke, and John
80%
US Armed ForcesArmy, Navy, Air Force, {Marines}
77%
TMNTMichaelangelo, Leonardo, {Raphael}, Donatello
76%
Mt. RushmoreWashington, Jefferson, {Roosevelt}, Lincoln
70%
Four CornersArizona, {Utah}, Colorado, New Mexico
68%
InstrumentsWoodwinds, {Strings}, Brass, Percussion
65%
Boat DirectionsFore, Aft, Starboard, {Port}
58%
HerbsParsley, {Sage}, Rosemary, and Thyme
56%
Four HorsemenWar, Pestilence, {Death}, and Famine
42%
Golden GirlsDorothy, Rose, {Blanche}, and Sophia
30%
Beverly HillbilliesJed, Granny, Ellie Mae, and {Jethro}
28%
Golf MajorsMasters, US Open, British Open, {PGA}
25%
All in the FamilyArchie, Edith, {Gloria}, Meathead
19%
The MonkeesDavy, {Micky}, Peter, and Mike
19%
TemperamentsSanguine, Choleric, {Melancholic}, Phlegmatic
16%

Score Distribution

Percentile by Number Answered

Percent of People with Each Score

Your Score History

You have not taken this quiz